Polaroids.
Gespeichert in:
| 1. Verfasser: | |
|---|---|
| Weitere Verfasser: | , |
| Format: | Buch |
| Veröffentlicht: |
Köln, Germany:
Taschen,
2015.
|
| Schlagworte: | |
| Tags: |
Tag hinzufügen
Keine Tags, Fügen Sie den ersten Tag hinzu!
|
MARC
| LEADER | 00000nam a22000007a 4500 | ||
|---|---|---|---|
| 003 | CL-VaPUC | ||
| 005 | 20250407202442.0 | ||
| 008 | 250311t2015 ||||| |||| 00| 0 eng d | ||
| 999 | |c 447245 |d 447243 | ||
| 020 | |a 978-3-8365-5917-1 | ||
| 040 | |c Pontificia Universidad Católica de Valparaíso | ||
| 082 | 7 | |2 22 |a 779.21 NEW 2015 | |
| 100 | |a Newton, Helmut |e author |9 896628 | ||
| 245 | |a Polaroids. | ||
| 260 | |a Köln, Germany: |b Taschen, |c 2015. | ||
| 300 | |a 223 páginas: |b fotografías. | ||
| 500 | |a c.1.-c.2. Instituto Arcos 8-1-2025. | ||
| 583 | |c 20250304 |k GC | ||
| 650 | 0 | |a Fotografias de desnudos |9 862274 |v Mujeres | |
| 650 | 0 | |a Polaroid |x Tecnología |x Cámara fotográfica |9 896629 | |
| 700 | |a Newton, Jane |e editor |9 896278 | ||
| 700 | |a Monte, Carlo |e editor |9 896630 | ||
| 942 | |2 ddc |c BK |n 0 | ||
| 952 | |0 0 |1 0 |2 ddc |4 0 |6 779_210000000000000_NEW_2015 |7 0 |8 A |9 600989 |a BIBINC |b BIBINC |d 2025-03-11 |e Instituto Arcos |i 5665834 |o 779.21 NEW 2015 |p 5665834 |r 2025-03-11 |t 1 |w 2025-03-11 |y BK |k IFP | ||
| 952 | |0 0 |1 0 |2 ddc |4 0 |6 779_210000000000000_NEW_2015 |7 0 |8 A |9 600990 |a BIBINC |b BIBINC |d 2025-03-11 |e Instituto Arcos |i 5665835 |o 779.21 NEW 2015 |p 5665835 |r 2025-03-11 |t 2 |w 2025-03-11 |y BK |k IFP | ||